Veterinary Endocrinology and reproduction (Record no. 16646)

MARC details
000 -LEADER
fixed length control field 00560nam a22002057a 4500
003 - CONTROL NUMBER IDENTIFIER
control field BD-DhSAU
005 - DATE AND TIME OF LATEST TRANSACTION
control field 20230218121604.0
008 - FIXED-LENGTH DATA ELEMENTS--GENERAL INFORMATION
fixed length control field 221809b2020 bg | ||| |||| 001 0 ben d
020 ## - INTERNATIONAL STANDARD BOOK NUMBER
International Standard Book Number 0812107128
040 ## - CATALOGING SOURCE
Original cataloging agency BD-DhSAU
082 ## - DEWEY DECIMAL CLASSIFICATION NUMBER
Edition number 22
Classification number 636.08964
Item number M1421
100 ## - MAIN ENTRY--PERSONAL NAME
Personal name Mcdonald, L.E. ; D.V.M.
245 ## - TITLE STATEMENT
Title Veterinary Endocrinology and reproduction
260 ## - PUBLICATION, DISTRIBUTION, ETC. (IMPRINT)
Place of publication, distribution, etc. London;
Name of publisher, distributor, etc. LEA Febiger .,
Date of publication, distribution, etc. 1980
300 ## - PHYSICAL DESCRIPTION
Extent 560 P. ;
Dimensions 28 Cm.;
590 ## - Name of Cataloguer
Name of Cataloger নাজমুল
650 ## - SUBJECT ADDED ENTRY--TOPICAL TERM
Topical term or geographic name as entry element Veterinary Endocrinology
651 ## - SUBJECT ADDED ENTRY--GEOGRAPHIC NAME
Geographic name reproduction
942 ## - ADDED ENTRY ELEMENTS (KOHA)
Source of classification or shelving scheme Dewey Decimal Classification
Koha item type Book
Holdings
Withdrawn status Lost status Source of classification or shelving scheme Damaged status Not for loan Collection code Home library Branch Name Date acquired Total Checkouts Full call number Barcode Date last seen Price effective from Koha item type
    Dewey Decimal Classification   Not For Loan Reference SAU Library SAU Library 18/02/2023   636.08964 M1421 44200 18/02/2023 18/02/2023 Book